000 00382nam a2200133Ia 4500
008 151001s9999||||xx |||||||||||||| ||und||
100 _aहरी नारायण आपटे
245 _aपण लक्षात कोण घेतो
250 _a6
260 _bकेशव गणेश सारंगपाणी
260 _c1956
300 _a644
365 _b7.5
999 _c950452
_d950449